| 000 | 01121nam a22001697a 4500 | ||
|---|---|---|---|
| 008 | 230203s2021 xxk|||||o|||| 00| 0 eng d | ||
| 041 | _aeng | ||
| 245 |
_aIndependent review in respect of the issues raised at RICS in 2018 and 2019 _bfollowing the commissioning by the RICS Committe of a Treasury management audit _h[Electronic resource] |
||
| 260 | _cSeptember 2021 | ||
| 300 | _a469p. | ||
| 520 | _aIndependent Review by Alison Levitt QC into the events that took place following the commissioning of a Treasury Management audit in 2018 and has voted to accept all her recommendations. The 467-page report concludes that four non-Executive Board members, who raised legitimate concerns that the audit had been suppressed, were wrongly dismissed from the Management Board and that sound governance principles were not followed. | ||
| 651 | _aInternational | ||
| 690 |
_96277 _aRICS |
||
| 700 | _aLevitt, Alison | ||
| 856 |
_uhttps://www.rics.org/uk/news-insight/latest-news/news-opinion/rics-governing-council-publishes-independent-review-and-accepts-all-recommendations/ _zAvailable free on RICS.org |
||
| 942 | _n0 | ||
| 999 |
_c121355 _d121355 |
||